Personajes bíblicos, ó, Los teólogos fotografiados por sí mismos (Record no. 156222)

MARC details
000 -LEADER
campo de control de longitud fija 00635nam a22001815i 4500
001 - NÚMERO DE CONTROL
campo de control 156222
003 - IDENTIFICADOR DE NÚMERO DE CONTROL
campo de control ES-MaACL
005 - FECHA Y HORA DE LA ÚLTIMA TRANSACCIÓN
campo de control 20230906210342.0
008 - DATOS DE LONGITUD FIJA--INFORMACIÓN GENERAL
campo de control de longitud fija 930111s1881 sp |||| | spa d
040 ## - FUENTE DE CATALOGACIÓN
Centro catalogador/agencia de origen CAT
Lengua de catalogación spa
Centro/agencia transcriptor CAT
Centro/agencia modificador CCPB
080 #4 - NÚMERO DE LA CLASIFICACIÓN DECIMAL UNIVERSAL
Número de la Clasificación Decimal Universal 177
100 1# - ENTRADA PRINCIPAL--NOMBRE DE PERSONA
Nombre de persona Jamark, Carlos.
9 (RLIN) 65956
245 10 - MENCIÓN DEL TÍTULO
Título Personajes bíblicos, ó, Los teólogos fotografiados por sí mismos
Resto del título : fragmentos de un libro inédito /
Mención de responsabilidad, etc. por Carlos Jamark.
260 ## - PUBLICACIÓN, DISTRIBUCIÓN, ETC.
Lugar de publicación, distribución, etc. Barcelona :
Nombre del editor, distribuidor, etc. [s.a.],
Fecha de publicación, distribución, etc. 1881 (
Fabricante Imprenta de Juan Oliveres á cargo de A. Xumetra)
300 ## - DESCRIPCIÓN FÍSICA
Extensión 470 p. ;
Dimensiones 24 cm.
752 ## - ENTRADA AGREGADA--NOMBRE JERÁRQUICO DEL LUGAR
País o entidad superior España -
Ciudad Barcelona
852 ## - LOCALIZACIÓN
Ubicación ES-MaACL
Número de control de estantería B-3952
Nota libre -- rúat.
Holdings
Estatus retirado Estado de pérdida Estado de daño No para préstamo Colección Biblioteca de origen Biblioteca actual Ubicación en estantería Fecha de adquisición Fuente de adquisición Total de préstamos Signatura topográfica completa Código de barras Visto por última vez Precio de reemplazo Tipo de ítem Koha
        Libros del s. XIX Biblioteca del Ateneo de Madrid Biblioteca del Ateneo de Madrid Sala Pardo Bazán 17/01/2008     B-3952 1163436 23/02/2023 23/02/2023 Libro impreso antiguo